Power Metal Trivia - Statistics

General Stats
  • This quiz has been taken 149 times
  • The average score is 8 of 15
Answer Stats
Question Answer % Correct
What lyrical theme are most of Sabaton's songs based on? Military history
94%
The 1998 album 'Nightfall in Middle Earth' is by which band? Blind Guardian
88%
Which 'Lord of the Rings' actor provided narration on several Rhapsody of Fire albums? Christopher Lee
82%
Which animal features prominently in Sonata Arctica's lyrics (and on some of their album covers)? Wolf
71%
Which of the following bands is from Japan? Lovebites
62%
Which of the following bands is NOT from Finland? Twilight Force
59%
What was the title of Helloween's first album? Walls of Jericho
59%
Which of the following is NOT a Stratovarius album? Universe
56%
Which manga/anime series is the subject of several songs by both Battle Beast and Beast In Black? Berserk
50%
Which of the following vocalists has NOT performed on an Avantasia song? Fabio Lione
38%
Which band have an album titled 'War of Dragons'? Bloodbound
35%
Which of the following songs does NOT exist? 'Battle Beast' by Battle Beast
32%
The 'Guitar Hero' video game series features several songs by DragonForce - as well as one by which other power metal band? (Note: DLC included) Firewind
26%
Which of the following cover songs does NOT exist? Freedom Call - The Final Countdown
18%
These historical figures have all been the subject of songs by Serenity - but which one was the subject of a full album? Emperor Maximilian I
15%
No matching quizzes found
Score Distribution
Percent of People with Each Score
Percentile by Number Answered
Your Score History
You have not taken this quiz